Online Catalogue and eLibrary

Feminism and the self : (Record no. 1765)

MARC details
000 -LEADER
fixed length control field 00234nam a2200097Ia 4500
008 - FIXED-LENGTH DATA ELEMENTS--GENERAL INFORMATION
fixed length control field 240331s9999 xx 000 0 und d
082 ## - DDC Classification
Item Number - Author Mark GRI
100 ## - MAIN ENTRY--PERSONAL NAME
Personal name Griffiths, M
245 #0 - TITLE STATEMENT
Title Feminism and the self :
Remainder of title the web of identity
942 ## - Koha item type (Biblio)
Koha item type Books in Stacks (Lending)

No items available.

© WERC Library